LIBRARY & INFORMATION CENTRE, KCAET, TAVANUR

ONLINE PUBLIC ACCESS CATALOGUE (OPAC)

Normal view MARC view
  • Kissam, Philip

Entry Personal Name

Number of records used in: 2

001 - CONTROL NUMBER

  • control field: 7436

003 - CONTROL NUMBER IDENTIFIER

  • control field: OSt

005 - DATE AND TIME OF LATEST TRANSACTION

  • control field: 20250502164304.0

008 - FIXED-LENGTH DATA ELEMENTS

  • fixed length control field: 250502|| aca||aabn | a|a d

040 ## - CATALOGING SOURCE

  • Original cataloging agency: OSt
  • Transcribing agency: OSt

100 ## - HEADING--PERSONAL NAME

  • Personal name: Kissam, Philip

670 ## - SOURCE DATA FOUND

  • Source citation: Work cat.: (OSt)10390: Kissam, Philip, Surveying for civil engineers,Part-l,ll,lll,lV,V / , 1956.
free website counter